| 000 | 00533nam a2200217Ia 4500 | ||
|---|---|---|---|
| 003 | OSt | ||
| 005 | 20220516113125.0 | ||
| 008 | 210210b2001 xxu||||| |||| 00| 0 eng d | ||
| 040 |
_aAL _c |
||
| 041 | _aEnglish | ||
| 082 | _a657.46 RAOB | ||
| 100 |
_aRAO (K Sadashiva) _937192 |
||
| 245 | _aBusiness taxation I 2001-02 (Income tax) | ||
| 250 | _a15 Rev. | ||
| 260 |
_aUdupi _bSushrutha Books _c2001 |
||
| 300 | _aA-31,M-7 | ||
| 650 |
_ataxation _937193 |
||
| 690 |
_aIncome Tax _937194 |
||
| 906 | _a056486 | ||
| 942 |
_2ddc _cBK |
||
| 999 |
_c103853 _d103853 |
||